000 00331nam a2200145Ia 4500
008 230917s9999||||xx |||||||||||||| ||und||
040 _e127226
_aMAIN
041 _aEnglish
082 _a821.8 Y34M:P
100 _aYeats, W B
245 0 _aPoetry
260 _aOxford
_bUniversity Press
_c1941
300 _a207 p.
942 _cBK
999 _c164202
_d164202